• 首页
  • 本馆介绍
  • 公告通知
  • 最新文献
  • 馆藏检索
  • 电子资源
  • 读者荐购
  • 参考咨询
  • CALIS
  • 我的图书馆
  • 登录
  • 详细信息显示
  • 放入我的书架
  • 预约/预借图书
  • 作者相关作品
  • 分类相关作品
  • 丛书相关作品
  • 出版社相关作品

书目信息

  • 表格格式
  • 工作单格式
  • 卡片格式
题名:
Microsoft Visual FoxPro6.0程序员指南(含光盘)
    
 
作者: 微软 译
分册:  
出版信息: 北京   北京希望电脑公司  1998.08
页数: 756页
开本: 16开
丛书名:
单 册:
中图分类: TP311.1
科图分类:
主题词: 软件
电子资源:
ISBN: 7-980021-24-X
 
 
 
 
 
000 00654nam0 2200193 45
001 0004190888
005 20000419081543.0
010    @a7-980021-24-X@d98.00元
100    @a20000419d1998 km y0chiy0120 ea
101    @achi
105    @a z 000yy
200 1  @aMicrosoft Visual FoxPro6.0程序员指南(含光盘)@AMicrosoft Visual FoxPro6.0 Cheng Xu Yuan Zhi Nan(Han Guang Pan)@f微软(中国)有限公司译@FWei Ruan(Zhong Guo)You Xian Gong Si Yi
210    @a北京@c北京希望电脑公司@d1998.08
215    @a756页@d16开
606 0  @a软件
690    @aTP311.1@v3
701    @a微软@b中国有限公司@4译
801    @aCN@bPftUser@c20000419
905    @f1@b53008@dTP311.1@eW:923
    
    Microsoft Visual FoxPro6.0程序员指南(含光盘)/微软(中国)有限公司译.-北京:北京希望电脑公司,1998.08
    756页;16开
    
    
    ISBN 7-980021-24-X:98.00元
    
●
相关链接 在E读中查询图书 在当当中查询图书 在豆瓣中查询图书


正题名:Microsoft Visual FoxPro6.0程序员指南(含     索取号:TP311.1/W:923         预约/预借

序号 登录号 条形码 馆藏地/架位号 状态 备注
1 53008   200530087   期刊室512/301自科库 39排1列3层/ [索取号:TP311.1/W:923] 在馆    
河南城建学院图书馆 欢迎您!
大连网信软件有限公司© 版权所有